| 000 | 01714nam0a2200361 4500 | ||
|---|---|---|---|
| 001 | RU\NLR\bibl\1294037 | ||
| 005 | 20260531044947.0 | ||
| 010 |
_a978-5-93878-229-7 _92000 |
||
| 021 |
_aRU _b2008-74949 _94317 |
||
| 035 | _a(NLR Aleph) 001279682 | ||
| 090 |
_a491035 _c491035 |
||
| 100 | _a20081112d2008 |||y0rusy50 ca | ||
| 101 | 0 | _arus | |
| 102 | _aRU | ||
| 105 | _aa ||||||||| | ||
| 200 | 1 |
_aПсихология детства _e[от рождения до 11 лет _eполный курс _eучебник _fАверин В.А., Дандарова Ж.К., Зимняя И.А. и др.] _gпод ред. А.А. Реана |
|
| 210 |
_aСанкт-Петербург _cПрайм-ЕВРОЗНАК _d2008 |
||
| 215 |
_a350 с. _cил. _d21 |
||
| 225 | 1 |
_aПроект Психология _eлучшее |
|
| 300 | _aНа 3-й с. авт.: Аверин В.А., проф., д. психол. н., Дандарова Ж.К., к. психол. н., Зимняя И.А., проф., д. психол. н., акад. РАО | ||
| 320 | _aБиблиогр.: с. 348-350 | ||
| 606 | 1 |
_aДетская психология _jУчебники _92225280 _3RU\NLR\AUTH\6601568859 |
|
| 686 | _aЮ983я7 | ||
| 701 | 1 |
_aАверин _bВ. А. _gВячеслав Афанасьевич _4070 |
|
| 701 | 1 |
_aДандарова _bЖ. К. _gЖаргалма Кимовна _4070 |
|
| 701 | 1 |
_aЗимняя _bИ. А. _gИрина Алексеевна _4070 |
|
| 702 | 1 |
_4340 _8rus _7ca _aРеан _bА. А. _gАртур Александрович _3RU\NLR\auth\7719424 _92496 |
|
| 801 | 0 |
_aRU _bNLR _c20081112 _gRCR |
|
| 801 | 1 |
_aRU _bNLR _c20081112 |
|
| 942 | _cBOOK | ||
| 980 | _aNB | ||